000 00949nam a2200253Ia 4500
999 _c45269
_d45269
001 12093
003 GE_BSU
005 20211130114049.0
008 181216s2010||||enk|||||||||||||| ||eng||
020 _a9780470083598
040 _cGE_BSU
041 _aeng
080 _a658 E-54
100 _aEnz, Cathy A.
_913111
245 _aHospitality Strategic Management:Concepts and cases /
_cEnz, Cathy A.
250 _aSecond Edition
264 _aUSA :
_bWiley,
_c2010.
300 _a676p.24cm.
541 _h171Gel.
653 _aHospitality Strategic Management:Concepts and cases
653 _aСтратегический менеджмент в сфере гостеприимства: концепции и кейсы
653 _aსტუმართმოყვარეობის სტრატეგიული მენეჯმენტი: ცნებები და შემთხვევები
942 _cBK
_2udc